La mallerenga blava i el camí de la llet : una aventura de Perafita / una aventura de Perafita /
Descripción Física:
[21] pàgines ; il·lustracions en color ; 21 cm
Otros Autores:
Subi, 1969-
Materias:
Animals domèstics -- Llibres per a infants
; Formatge -- Fabricació -- Llibres per a infants
; Perafita (Catalunya) -- Llibres per a infants
; Contes infantils
Idioma:
Catalán
MARC
| LEADER | 00000nam a22000007a 4500 | ||
|---|---|---|---|
| 001 | 28283 | ||
| 003 | AGDB | ||
| 005 | 20260324181526.0 | ||
| 008 | 240916b spa||||| |||| 00| 0 cat d | ||
| 017 | |a B 21937-2023 | ||
| 040 | |a agdb |b cat | ||
| 100 | |a Obiols, Anna, |d 1975- |4 autora |9 71585 | ||
| 245 | |a La mallerenga blava i el camí de la llet : |b una aventura de Perafita / |c Anna Obiols Llopart ; il·lustracions: Subi | ||
| 260 | |a [Perafita] : |b Ajuntament de Perafita : |b Consorci del Lluçanès ; |c 2023 | ||
| 300 | |a [21] pàgines ; |b il·lustracions en color ; |c 21 cm | ||
| 650 | 0 | |a Animals domèstics |v Llibres per a infants |9 71587 | |
| 650 | 0 | |a Formatge |x Fabricació |v Llibres per a infants |9 71589 | |
| 651 | 0 | |a Perafita (Catalunya) |v Llibres per a infants |9 71588 | |
| 655 | 0 | |a Contes infantils |9 67183 | |
| 700 | 0 | |a Subi, |d 1969- |9 71586 |e il·lustracions | |
| 942 | |2 udc |c ARXIU |n 1 | ||
| 952 | |0 0 |1 0 |4 0 |6 BIB1203 |7 1 |9 97387 |a Arxiu |b Arxiu |d 2024-09-16 |l 0 |o Bib-1203 |p 28583 |r 2024-09-16 00:00:00 |w 2024-09-16 |y ARXIU | ||
| 999 | |c 129264 |d 129264 | ||